Bílá kniha Příprava zemí střední a východní Evropy na začlenění do vnitřního trhu EU

Na základe Európskej dohody bola Európskou komisiou vypracovaná tzv. Spoločná stratégia pri príprave krajín strednej a východnej Európy na členstvo v EÚ - tzv. Biela kniha (schválená 4.5.1995 v Bruseli). Význam vnútorného trhu pri napĺňaní cieľov únie. Zásady vnútorného trhu. Príloha Bielej knihy ro...

Full description

Saved in:
Bibliographic Details
Format: Book Chapter
Language:Czech
Subjects:
Tags: Add Tag
No Tags, Be the first to tag this record!

MARC

LEADER 00000naa a2200000 4500
001 r018713
005 20221205101637.3
041 0 |a cze 
044 |a CZ 
245 1 0 |a Bílá kniha  |b Příprava zemí střední a východní Evropy na začlenění do vnitřního trhu EU 
520 |a Na základe Európskej dohody bola Európskou komisiou vypracovaná tzv. Spoločná stratégia pri príprave krajín strednej a východnej Európy na členstvo v EÚ - tzv. Biela kniha (schválená 4.5.1995 v Bruseli). Význam vnútorného trhu pri napĺňaní cieľov únie. Zásady vnútorného trhu. Príloha Bielej knihy rozoberá 23 oblastí legislatívy vnútorného trhu. Zvláštna technická pomoc Komisie. 
610 2 0 |a Európska únia 
610 2 0 |a Biela kniha 
610 2 0 |a stredná Európa 
610 2 0 |a východná Európa 
610 2 0 |a trh vnútorný 
610 2 0 |a legislatíva 
610 2 0 |a pomoc technická 
610 2 0 |a 1995